|
|
|
|
| LEADER |
01873nam a22004094a 4500 |
| 001 |
27406 |
| 003 |
BD-DhAAL |
| 005 |
20220105125913.0 |
| 008 |
130817r20052001nyua b 001 0 eng |
| 999 |
|
|
|c 13837
|d 13837
|
| 010 |
|
|
|a 00060188
|
| 020 |
|
|
|a 0824704258 (alk. paper)
|
| 040 |
|
|
|a DLC
|c DLC
|d YDX
|d SBH
|d NLM
|d ORE
|d BD-DhAAL
|
| 050 |
0 |
0 |
|a RS189
|b .W57 2001
|
| 050 |
0 |
0 |
|a RS189
|b .W57 2001
|
| 060 |
0 |
0 |
|a W1
|b DR893B v.109 2001
|
| 060 |
1 |
0 |
|a QV 771
|b W732g 2001
|
| 082 |
|
|
|2 22
|a 615.19
|
| 100 |
1 |
|
|a Willig, Sidney H.,
|d 1919-
|9 2627
|
| 245 |
1 |
0 |
|a Good manufacturing practices for pharmaceuticals :
|b a plan for total quality control from manufacturer to consumer /
|c Sidney H. Willig.
|
| 250 |
|
|
|a Fifth edition, rev. and expanded.
|
| 260 |
|
|
|a New York :
|b M. Dekker,
|c c2001. [Reprinted 2005]
|
| 300 |
|
|
|a xii, 732 pages :
|b illustrations ;
|c 24 cm.
|
| 490 |
|
|
|a Drugs and the pharmaceutical sciences ;
|v v. 109.
|
| 504 |
|
|
|a Includes bibliographical references and index.
|
| 541 |
|
|
|e 27406,27407
|
| 650 |
|
0 |
|a Pharmaceutical industry
|x Quality control.
|9 2560
|
| 650 |
|
0 |
|a Drugs
|x Standards
|z United States.
|9 2628
|
| 650 |
1 |
2 |
|a Pharmaceutical Preparations
|x standards
|z United States.
|9 2629
|
| 650 |
2 |
2 |
|a Drug Industry
|x standards
|z United States.
|9 2630
|
| 650 |
2 |
2 |
|a Legislation, Drug
|z United States.
|9 2631
|
| 650 |
2 |
2 |
|a Quality Control
|z United States.
|9 2632
|
| 650 |
2 |
2 |
|a Technology, Pharmaceutical
|x standards
|z United States.
|9 2633
|
| 650 |
2 |
2 |
|a Pharmacy.
|9 43730
|
| 942 |
|
|
|2 ddc
|c BK
|
| 952 |
|
|
|0 0
|1 0
|2 ddc
|4 0
|6 615_190000000000000_WIL
|7 0
|9 23154
|a BRACUL
|b BRACUL
|c GEN
|d 2013-08-17
|e Parash Publishers
|g 7885.00
|l 0
|o 615.19 WIL
|p 3010027406
|r 2013-08-17
|t 1
|w 2013-08-17
|y BK
|
| 952 |
|
|
|0 0
|1 0
|2 ddc
|4 0
|6 615_190000000000000_WIL
|7 0
|9 23155
|a BRACUL
|b BRACUL
|c GEN
|d 2013-08-17
|e Parash Publishers
|g 7885.00
|l 1
|m 6
|o 615.19 WIL
|p 3010027407
|r 2014-04-17
|s 2014-02-28
|t 2
|w 2013-08-17
|y BK
|